Every Beyoncé Song - Statistics

General Stats
  • This quiz has been taken 180 times
  • The average score is 133 of 208
Answer Stats
Hint Answer % Correct
Dangerously In Love Crazy In Love
96%
BEYONCÉ Drunk In Love
96%
Renaissance Cozy
94%
Renaissance Alien Superstar
93%
Cowboy Carter American Requiem
93%
Dangerously In Love Dangerously In Love
93%
Lemonade Sorry
93%
BEYONCÉ 7/11
92%
Everything Is Love Apeshit
92%
Renaissance Cuff It
92%
I Am... Sasha Fierce Halo
92%
Renaissance America Has A Problem
91%
Dangerously In Love Daddy
90%
B'Day Deja Vu
90%
I Am... Sasha Fierce Diva
90%
Lemonade Formation
90%
Lemonade Hold Up
90%
Renaissance I'm That Girl
90%
Dangerously In Love Naughty Girl
90%
BEYONCÉ Partition
90%
Everything Is Love Summer
90%
Cowboy Carter 16 Carriages
89%
Renaissance Break My Soul
89%
B'Day If
89%
Renaissance Virgo's Groove
89%
Lemonade 6 Inch
88%
Cowboy Carter Amen
88%
Dangerously In Love Baby Boy
88%
Renaissance Church Girl
88%
I Am... Sasha Fierce If I Were A Boy
88%
Cowboy Carter Jolene
88%
4 Love On Top
88%
BEYONCÉ Pretty Hurts
88%
4 1+1
87%
Lemonade All Night
87%
Renaissance Energy
87%
Lemonade Pray You Catch Me
87%
Renaissance Summer Renaissance
87%
Cowboy Carter Texas Hold 'Em
87%
B'Day Freakum Dress
86%
Renaissance Heated
86%
B'Day Listen
86%
Cowboy Carter Tyrant
86%
Lemonade Daddy Lessons
85%
BEYONCÉ Flawless
85%
B'Day Get Me Bodied
85%
BEYONCÉ Haunted
85%
B'Day Irreplaceable
85%
B'Day Kitty Kat
85%
Renaissance Thique
85%
B'Day Beautiful Liar
84%
BEYONCÉ Blue
84%
Cowboy Carter II Most Wanted
84%
Renaissance Move
84%
Renaissance Pure/Honey
84%
Lemonade Sandcastles
84%
I Am... Sasha Fierce Single Ladies (Put A Ring On It)
84%
Cowboy Carter Sweet Honey Buckin'
84%
Cowboy Carter Ya Ya
84%
Lemonade Don't Hurt Yourself
83%
Lemonade Freedom
83%
4 I Care
83%
Renaissance Plastic Off The Sofa
83%
BEYONCÉ XO
83%
Cowboy Carter Levi's Jeans
82%
Dangerously In Love Me, Myself, and I
82%
BEYONCÉ Mine
82%
Cowboy Carter Protector
82%
I Am... Sasha Fierce Video Phone
82%
Cowboy Carter Daughter
81%
B'Day Green Light
81%
4 Run The World (Girls)
81%
Dangerously In Love Signs
81%
B'Day Upgrade U
81%
4 Party
80%
B'Day Ring The Alarm
80%
Collaborations Telephone
80%
Collaborations '03 Bonnie & Clyde
79%
I Am... Sasha Fierce Ego
79%
BEYONCÉ Heaven
79%
Cowboy Carter Bodyguard
78%
4 Countdown
78%
Cowboy Carter Dolly P
78%
4 End Of Time
78%
Cowboy Carter Flamenco
78%
B'Day Resentment
78%
Cowboy Carter Riverdance
78%
Dangerously In Love Yes
78%
BEYONCÉ Blow
77%
B'Day Suga Mama
77%
Lion King: The Gift Bigger
76%
I Am... Sasha Fierce Broken Hearted Girl
76%
Dangerously In Love Speechless
76%
I Am... Sasha Fierce Ave Maria
75%
Lion King: The Gift Mood 4 Eva
75%
Lion King: The Gift My Power
75%
Lion King: The Gift Water
75%
Cowboy Carter Alligator Tears
74%
Renaissance All Up In Your Mind
74%
Lion King: The Gift Black Parade
74%
Lion King: The Gift Brown Skin Girl
74%
Dangerously In Love Gift From Virgo
74%
Cowboy Carter II Hands II Heaven
74%
Cowboy Carter Just For Fun
74%
Lion King: The Gift Spirit
74%
BEYONCÉ Superpower
74%
I Am... Sasha Fierce Why Don't You Love Me?
74%
Lion King: The Gift Already
73%
B'Day Check On It
72%
Dangerously In Love Hip Hop Star
72%
4 I Was Here
72%
BEYONCÉ Rocket
72%
B'Day Welcome To Hollywood
72%
I Am... Sasha Fierce Hello
71%
4 I Miss You
71%
BEYONCÉ No Angel
71%
I Am... Sasha Fierce Radio
71%
I Am... Sasha Fierce Sweet Dreams
71%
B'Day Flaws And All
70%
BEYONCÉ Jealous
70%
Lion King: The Gift Nile
70%
Singles/Soundtracks Work It Out
70%
4 Best Thing I Never Had
69%
Dangerously In Love Be With You
69%
B'Day Amor Gitano
68%
Lion King: The Gift Find Your Way Back
68%
Singles/Soundtracks My House
68%
I Am... Sasha Fierce Satellites
67%
B'Day World Wide Woman
67%
4 Dance For You
66%
Collaborations Savage
65%
BEYONCÉ Grown Woman
64%
Cowboy Carter Blackbird
63%
I Am... Sasha Fierce Scared Of Lonely
62%
Cowboy Carter Spaghetti
62%
Singles/Soundtracks Dreamgirls
61%
I Am... Sasha Fierce Smash Into You
61%
Collaborations Mi Gente
60%
Collaborations Perfect Duet
60%
4 Schoolin' Life
60%
Singles/Soundtracks Be Alive
59%
Lion King: The Gift Otherside
59%
Collaborations Feeling Myself
58%
Lemonade Love Drought
58%
Singles/Soundtracks One Night Only
56%
Singles/Soundtracks At Last
55%
Singles/Soundtracks I Been On
55%
Cowboy Carter Oh Louisiana
55%
Singles/Soundtracks Before I Let Go
54%
Singles/Soundtracks Fever
54%
I Am... Sasha Fierce Poison
54%
Dangerously In Love Beyoncé Interlude
52%
Lemonade Forward
52%
Cowboy Carter Smoke Hour II
52%
Dangerously In Love That's How You Like It
51%
Cowboy Carter The Linda Martell Show
51%
Cowboy Carter Desert Eagle
50%
Cowboy Carter My Rose
50%
Collaborations Put It In A Love Song
50%
4 Rather Die Young
50%
BEYONCÉ Standing On The Sun
49%
Collaborations Hollywood
48%
BEYONCÉ Ring Off
46%
Dangerously In Love The Closer I Get To You
46%
Collaborations Runnin' (Lose It All)
44%
I Am... Sasha Fierce That's Why You're Beautiful
44%
I Am... Sasha Fierce Disappear
42%
Everything Is Love Boss
41%
Everything Is Love Nice
41%
Collaborations Part II (On The Run)
41%
4 Start Over
41%
Cowboy Carter Smoke Hour Willie Nelson
40%
Singles/Soundtracks Can You Feel The Love Tonight
37%
I Am... Sasha Fierce Save The Hero
36%
Everything Is Love Salud!
34%
Everything Is Love 713
33%
4 Lay Up Under Me
33%
Everything Is Love Black Effect
32%
Collaborations Love In This Club
32%
Singles/Soundtracks Die With You
31%
Everything Is Love LoveHappy
31%
Collaborations Say Yes
31%
Collaborations Family Feud
30%
Everything Is Love Friends
30%
Everything Is Love Heard About Us
28%
Singles/Soundtracks I'd Rather Go Blind
15%
Singles/Soundtracks All I Could Do Was Cry
14%
Singles/Soundtracks Everything I Do
11%
Collaborations Top Off
10%
Singles/Soundtracks So Amazing
8%
Collaborations Shining
7%
Singles/Soundtracks Cuff It (Wetter Remix)
6%
Collaborations Delresto (Echoes)
6%
Collaborations Walk On Water
6%
Collaborations Lift Off
5%
Singles/Soundtracks Texas Hold 'Em (Pony Up Remix)
4%
Singles/Soundtracks Trust In Me
4%
Collaborations Until The End Of Time
4%
Collaborations You Changed
4%
Collaborations Love A Woman
3%
Singles/Soundtracks Crazy In Love (50 Shades of Grey Remix)
2%
Collaborations Nothing Out There For Me
2%
Singles/Soundtracks Once In A Lifetime
2%
Singles/Soundtracks America Has A Problem (Kendrick Lamar Remix)
1%
Singles/Soundtracks Break My Soul (The Queens Remix)
1%
Collaborations Make Me Say It Again, Girl
1%
Collaborations Turnt
1%
Singles/Soundtracks When I First Saw You
1%
No matching quizzes found
Score Distribution
Percent of People with Each Score
Percentile by Number Answered
Your Score History
You have not taken this quiz